000 00251nam a22001097a 4500
999 _c261218
_d261217
020 _a017424536
100 _aJohn Jackman Wendy Wren
245 _aDevelopment
260 _aLondon
_bThomas Nelson And Sons Ltd
_c1995
300 _a96 pgs
942 _cBK